| 000 | 00549nam a22001697a 4500 | ||
|---|---|---|---|
| 003 | NUST | ||
| 038 | _aNusrat Nadeem | ||
| 082 | _a200 | ||
| 100 |
_aKhan Aimen Amir _9126372 |
||
| 245 |
_aRole of Procrastination in the Intention-Action Gap of Student Entrepreneurs/ _cAimen Amir Khan |
||
| 264 |
_aIslamabad; _bNBS NUST; _c2024 |
||
| 300 | _a143,p; | ||
| 650 |
_aMS- Innovation and Entrepreneurship _9114384 |
||
| 700 |
_aSupervisor;Dr. Ayesha Abrar _9120210 |
||
| 856 | _u http://10.250.8.41:8080/xmlui/handle/123456789/47218 | ||
| 942 |
_2ddc _cSC |
||
| 999 |
_c612076 _d612076 |
||